<?xml version="1.0" encoding="UTF-8"?>
<record
    xmlns:xsi="http://www.w3.org/2001/XMLSchema-instance"
    xsi:schemaLocation="http://www.loc.gov/MARC21/slim http://www.loc.gov/standards/marcxml/schema/MARC21slim.xsd"
    xmlns="http://www.loc.gov/MARC21/slim">

  <leader>00778cas a2200253   4500</leader>
  <datafield tag="999" ind1=" " ind2=" ">
    <subfield code="c">216177</subfield>
    <subfield code="d">216177</subfield>
  </datafield>
  <controlfield tag="003">OSt</controlfield>
  <controlfield tag="005">20260120133455.0</controlfield>
  <controlfield tag="008">120820n                            eng u</controlfield>
  <datafield tag="020" ind1=" " ind2=" ">
    <subfield code="a">072168243X</subfield>
  </datafield>
  <datafield tag="020" ind1=" " ind2=" ">
    <subfield code="a">9780721682433</subfield>
  </datafield>
  <datafield tag="035" ind1=" " ind2=" ">
    <subfield code="a">(Sirsi) a177187</subfield>
  </datafield>
  <datafield tag="040" ind1=" " ind2=" ">
    <subfield code="c">UNZA</subfield>
    <subfield code="e">RDA</subfield>
  </datafield>
  <datafield tag="050" ind1=" " ind2=" ">
    <subfield code="a">RT 84.5 </subfield>
    <subfield code="b">CON 2000</subfield>
  </datafield>
  <datafield tag="245" ind1=" " ind2=" ">
    <subfield code="a">Concept development in nursing: </subfield>
    <subfield code="b"> foundations, techniques and applications/</subfield>
    <subfield code="c"> edited by Beth L.Rodgers, Kathleen A. Knafl.</subfield>
  </datafield>
  <datafield tag="250" ind1=" " ind2=" ">
    <subfield code="a">2nd ed.</subfield>
  </datafield>
  <datafield tag="260" ind1=" " ind2=" ">
    <subfield code="a">Philadelphia:</subfield>
    <subfield code="b"> WB Saunders Company,</subfield>
    <subfield code="c"> 2000.</subfield>
  </datafield>
  <datafield tag="300" ind1=" " ind2=" ">
    <subfield code="a">xiv,458p.</subfield>
  </datafield>
  <datafield tag="500" ind1=" " ind2=" ">
    <subfield code="a">Includes bibliographical references and index.</subfield>
  </datafield>
  <datafield tag="650" ind1=" " ind2=" ">
    <subfield code="a">Nursing - philososphy.</subfield>
  </datafield>
  <datafield tag="650" ind1=" " ind2=" ">
    <subfield code="a">Nursing.</subfield>
  </datafield>
  <datafield tag="700" ind1=" " ind2=" ">
    <subfield code="a">Rodgers, Beth .L.</subfield>
  </datafield>
  <datafield tag="700" ind1=" " ind2=" ">
    <subfield code="a">Knaff, Kathleen.A.</subfield>
  </datafield>
  <datafield tag="942" ind1=" " ind2=" ">
    <subfield code="2">lcc</subfield>
    <subfield code="c">BOOK</subfield>
  </datafield>
  <datafield tag="952" ind1=" " ind2=" ">
    <subfield code="0">0</subfield>
    <subfield code="1">0</subfield>
    <subfield code="2">lcc</subfield>
    <subfield code="4">0</subfield>
    <subfield code="7">0</subfield>
    <subfield code="8">NFIC</subfield>
    <subfield code="a">NS</subfield>
    <subfield code="b">NS</subfield>
    <subfield code="c">ON-SHELF</subfield>
    <subfield code="d">2026-01-20</subfield>
    <subfield code="l">0</subfield>
    <subfield code="o">RT 84.5  CON 2000</subfield>
    <subfield code="p">33729004878562</subfield>
    <subfield code="r">2026-01-20 00:00:00</subfield>
    <subfield code="t">1</subfield>
    <subfield code="v">300.00</subfield>
    <subfield code="w">2026-01-20</subfield>
    <subfield code="y">BOOK</subfield>
  </datafield>
  <datafield tag="952" ind1=" " ind2=" ">
    <subfield code="0">0</subfield>
    <subfield code="1">0</subfield>
    <subfield code="2">lcc</subfield>
    <subfield code="4">0</subfield>
    <subfield code="7">0</subfield>
    <subfield code="8">NFIC</subfield>
    <subfield code="a">NS</subfield>
    <subfield code="b">NS</subfield>
    <subfield code="c">ON-SHELF</subfield>
    <subfield code="d">2026-01-20</subfield>
    <subfield code="l">0</subfield>
    <subfield code="o">RT 84.5  CON 2000</subfield>
    <subfield code="p">33729004878554</subfield>
    <subfield code="r">2026-01-20 00:00:00</subfield>
    <subfield code="t">2</subfield>
    <subfield code="v">300.00</subfield>
    <subfield code="w">2026-01-20</subfield>
    <subfield code="y">BOOK</subfield>
  </datafield>
</record>
